| 000 | 00389cam a2200157ua 4500 | ||
|---|---|---|---|
| 041 |
_aeng _h |
||
| 082 |
_a824 _bWHI/SE |
||
| 100 | _aWhitelock, Dorothy . | ||
| 245 |
_aSermolupi and anglos / _cDorothy Whitelock. _hTextual Documents |
||
| 250 |
_a3 / _b. |
||
| 260 |
_aLondon : _bMethuen and Co. Ltd , _c1967. |
||
| 300 | _a90 ; . | ||
| 504 | _a | ||
| 942 | _cBK | ||
| 999 |
_c11823 _d11823 |
||